[Event "Druzheskij Blitz (3+2) turnir ¹3 na Iristonskoj 06.10.2019g."]
[Site "VLADIKAVKAZ"]
[Date "2019.10.06"]
[Round "8.5"]
[White "Agkatsev, Felix A"]
[Black "Agkatsev, Albert A"]
[Result "0-1"]
[TimeControl "3' + 2\""]
[WhiteElo "1583"]
[BlackElo "1725"]

1. d4 {[%clk 00:03:03]} c5 {[%clk 00:03:04]} {[%emt 00:00:01]} 2. dxc5 {[%clk
00:03:03]} {[%emt 00:00:02]} e6 {[%clk 00:03:05]} 3. c4 {[%clk 00:03:04]}
{[%emt 00:00:02]} Bxc5 {[%clk 00:03:06]} {[%emt 00:00:01]} 4. Nc3 {[%clk
00:03:05]} Nf6 {[%clk 00:03:05]} {[%emt 00:00:02]} 5. Bg5 {[%clk 00:03:02]}
{[%emt 00:00:05]} Bxf2+ {[%clk 00:02:59]} {[%emt 00:00:08]} 6. Kd2 {[%clk
00:03:03]} {[%emt 00:00:01]} Qb6 {[%clk 00:02:41]} {[%emt 00:00:20]} 7. Qc2
{[%clk 00:02:52]} {[%emt 00:00:13]} Bxg1 {[%clk 00:02:41]} {[%emt 00:00:02]} 8.
Bxf6 {[%clk 00:02:48]} {[%emt 00:00:05]} Be3+ {[%clk 00:02:37]} {[%emt
00:00:06]} 9. Ke1 {[%clk 00:02:49]} {[%emt 00:00:01]} gxf6 {[%clk 00:02:38]}
{[%emt 00:00:02]} 10. g3 {[%clk 00:02:50]} {[%emt 00:00:01]} Nc6 {[%clk
00:02:35]} {[%emt 00:00:04]} 11. Nb5 {[%clk 00:02:44]} {[%emt 00:00:08]} Nd4
{[%clk 00:02:29]} {[%emt 00:00:08]} 12. Qd3 {[%clk 00:02:43]} {[%emt 00:00:03]}
Nxb5 {[%clk 00:02:30]} {[%emt 00:00:01]} 13. cxb5 {[%clk 00:02:42]} {[%emt
00:00:03]} Qd4 {[%clk 00:02:30]} {[%emt 00:00:02]} 14. Qxd4 {[%clk 00:02:37]}
{[%emt 00:00:07]} Bxd4 {[%clk 00:02:31]} 15. Bg2 {[%clk 00:02:39]} Bxb2 {[%emt
00:00:03]} 16. Rb1 Be5 {[%clk 00:02:30]} 17. Rf1 {[%clk 00:02:37]} {[%emt
00:00:06]} d5 {[%clk 00:02:30]} {[%emt 00:00:01]} 18. e4 {[%clk 00:02:37]}
{[%emt 00:00:03]} d4 {[%clk 00:02:30]} {[%emt 00:00:03]} 19. Kd2 {[%clk
00:02:39]} Bd7 {[%clk 00:02:26]} {[%emt 00:00:05]} 20. a4 {[%clk 00:02:39]}
{[%emt 00:00:01]} Rc8 {[%clk 00:02:25]} {[%emt 00:00:03]} 21. a5 {[%clk
00:02:33]} {[%emt 00:00:08]} Rc5 {[%clk 00:02:23]} {[%emt 00:00:04]} 22. b6
{[%clk 00:02:26]} {[%emt 00:00:10]} Rxa5 {[%clk 00:02:20]} {[%emt 00:00:05]} 23.
Kd3 {[%clk 00:02:26]} {[%emt 00:00:02]} axb6 {[%clk 00:02:14]} {[%emt
00:00:08]} 24. Rfc1 {[%clk 00:02:23]} {[%emt 00:00:05]} Bb5+ {[%clk 00:02:11]}
{[%emt 00:00:05]} 25. Kd2 {[%clk 00:02:23]} {[%emt 00:00:02]} Ra2+ {[%clk
00:02:11]} {[%emt 00:00:02]} 26. Ke1 {[%clk 00:02:24]} Kd7 {[%clk 00:02:09]}
{[%emt 00:00:03]} 27. Rxb5 {[%clk 00:02:13]} {[%emt 00:00:15]} Rxg2 {[%clk
00:02:09]} {[%emt 00:00:02]} 28. Rcb1 {[%clk 00:02:11]} {[%emt 00:00:04]} Rg1+
{[%clk 00:02:08]} {[%emt 00:00:03]} 29. Kd2 {[%clk 00:02:13]} Rxb1 {[%clk
00:02:08]} {[%emt 00:00:02]} 30. Rxb1 {[%clk 00:02:14]} {[%emt 00:00:01]} h5
{[%clk 00:02:01]} {[%emt 00:00:08]} 31. Rxb6 {[%clk 00:02:15]} {[%emt
00:00:02]} Kc7 {[%clk 00:02:01]} {[%emt 00:00:01]} 32. Rb5 {[%clk 00:02:16]}
{[%emt 00:00:01]} h4 {[%clk 00:02:01]} {[%emt 00:00:02]} 33. gxh4 {[%clk
00:02:17]} Rxh4 {[%clk 00:02:01]} {[%emt 00:00:01]} 34. Kd3 {[%clk 00:02:17]}
{[%emt 00:00:02]} Rh3+ {[%clk 00:02:01]} {[%emt 00:00:02]} 35. Kc4 {[%clk
00:02:17]} {[%emt 00:00:03]} Rc3+ {[%clk 00:01:59]} {[%emt 00:00:03]} 36. Kb4
{[%clk 00:02:18]} Bd6+ {[%clk 00:01:59]} {[%emt 00:00:02]} 37. Ka4 {[%clk
00:02:18]} {[%emt 00:00:03]} Ra3# {[%clk 00:02:00]} {[%emt 00:00:01]} 0-1

[Event "Druzheskij Blitz (3+2) turnir ¹3 na Iristonskoj 06.10.2019g."]
[Site "VLADIKAVKAZ"]
[Date "2019.10.06"]
[Round "9.1"]
[White "Agkatsev, Albert A"]
[Black "Morozov, Vadim"]
[Result "1-0"]
[TimeControl "3' + 2\""]
[WhiteElo "1725"]
[BlackElo "1870"]

1. e4 {[%clk 00:03:04]} {[%emt 00:04:02]} e6 {[%clk 00:02:57]} {[%emt
00:00:07]} 2. d4 {[%clk 00:03:04]} {[%emt 00:00:01]} d5 {[%clk 00:02:58]} 3.
Bd3 {[%clk 00:03:05]} {[%emt 00:00:02]} Nf6 {[%clk 00:02:53]} {[%emt 00:00:07]}
4. e5 {[%clk 00:03:07]} Nfd7 {[%clk 00:02:55]} 5. c3 {[%clk 00:03:07]} {[%emt
00:00:02]} Be7 {[%clk 00:02:56]} 6. f4 {[%clk 00:03:01]} {[%emt 00:00:08]} c5
{[%clk 00:02:51]} {[%emt 00:00:07]} 7. Nf3 {[%clk 00:03:01]} {[%emt 00:00:02]}
Nc6 {[%clk 00:02:52]} {[%emt 00:00:01]} 8. O-O {[%clk 00:02:45]} {[%emt
00:00:18]} cxd4 {[%clk 00:02:34]} {[%emt 00:00:20]} 9. cxd4 {[%clk 00:02:46]}
{[%emt 00:00:02]} Qb6 {[%clk 00:02:34]} {[%emt 00:00:01]} 10. Bc2 {[%clk
00:02:42]} {[%emt 00:00:06]} Nb4 {[%clk 00:02:16]} {[%emt 00:00:20]} 11. Nc3
{[%clk 00:02:43]} {[%emt 00:00:01]} Nxc2 {[%clk 00:02:12]} {[%emt 00:00:06]} 12.
Qxc2 {[%clk 00:02:44]} Nb8 {[%clk 00:02:07]} {[%emt 00:00:08]} 13. Be3 {[%clk
00:02:39]} {[%emt 00:00:07]} Bd7 {[%clk 00:02:06]} {[%emt 00:00:03]} 14. Rac1
{[%clk 00:02:35]} {[%emt 00:00:05]} Na6 {[%clk 00:02:07]} {[%emt 00:00:02]} 15.
a3 {[%clk 00:02:34]} {[%emt 00:00:03]} h6 {[%clk 00:02:05]} {[%emt 00:00:04]}
16. g4 {[%clk 00:02:24]} {[%emt 00:00:12]} Rc8 {[%clk 00:01:51]} {[%emt
00:00:16]} 17. Qg2 {[%clk 00:02:15]} {[%emt 00:00:10]} Qb3 {[%clk 00:01:44]}
{[%emt 00:00:09]} 18. Qc2 {[%clk 00:01:45]} {[%emt 00:00:32]} Qxc2 {[%clk
00:01:31]} {[%emt 00:00:16]} 19. Rxc2 {[%clk 00:01:47]} Bb5 {[%clk 00:01:26]}
{[%emt 00:00:07]} 20. Rfc1 {[%clk 00:01:45]} {[%emt 00:00:03]} Bd3 {[%clk
00:01:23]} {[%emt 00:00:06]} 21. Rg2 {[%clk 00:01:43]} {[%emt 00:00:03]} b5
{[%clk 00:01:13]} {[%emt 00:00:14]} 22. Ne1 {[%clk 00:01:13]} {[%emt 00:00:31]}
Be4 {[%clk 00:00:42]} {[%emt 00:00:34]} 23. Nxe4 {[%clk 00:01:07]} {[%emt
00:00:08]} Rxc1 {[%clk 00:00:43]} {[%emt 00:00:01]} 24. Bxc1 {[%clk 00:01:08]}
dxe4 {[%clk 00:00:43]} {[%emt 00:00:02]} 25. f5 {[%clk 00:00:55]} {[%emt
00:00:14]} b4 {[%clk 00:00:27]} {[%emt 00:00:18]} 26. fxe6 {[%clk 00:00:43]}
{[%emt 00:00:14]} fxe6 {[%clk 00:00:28]} {[%emt 00:00:01]} 27. Re2 {[%clk
00:00:36]} {[%emt 00:00:09]} Kd7 {[%clk 00:00:26]} {[%emt 00:00:05]} 28. Rxe4
{[%clk 00:00:34]} {[%emt 00:00:04]} Rc8 {[%clk 00:00:26]} 29. Nd3 {[%clk
00:00:32]} {[%emt 00:00:04]} bxa3 {[%clk 00:00:23]} {[%emt 00:00:06]} 30. bxa3
{[%clk 00:00:33]} {[%emt 00:00:01]} Rc3 {[%clk 00:00:19]} {[%emt 00:00:05]} 31.
Re3 {[%clk 00:00:25]} {[%emt 00:00:11]} Kc7 {[%clk 00:00:04]} {[%emt 00:00:16]}
32. Bd2 {[%clk 00:00:18]} {[%emt 00:00:09]} Rxa3 {[%clk 00:00:00]} {[%emt
00:00:04]} 33. Nf4 {[%emt 00:00:09]} Rxe3 {[%emt 00:00:03]} 34. Bxe3 {[%emt
00:00:01]} 1-0

[Event "Druzheskij Blitz (3+2) turnir ¹3 na Iristonskoj 06.10.2019g."]
[Site "VLADIKAVKAZ"]
[Date "2019.10.06"]
[Round "9.2"]
[White "Koraev, Kazbek"]
[Black "Agkatsev, Felix A"]
[Result "0-1"]
[TimeControl "3' + 2\""]
[WhiteElo "1755"]
[BlackElo "1583"]

1. e4 {[%clk 00:03:03]} e6 {[%clk 00:03:04]} {[%emt 00:00:01]} 2. Qe2 {[%clk
00:03:02]} {[%emt 00:00:02]} Be7 {[%clk 00:03:00]} {[%emt 00:00:05]} 3. d3
{[%clk 00:03:00]} {[%emt 00:00:04]} d5 {[%clk 00:03:01]} {[%emt 00:00:01]} 4.
g3 {[%clk 00:02:56]} {[%emt 00:00:05]} c5 {[%clk 00:03:01]} {[%emt 00:00:02]} 5.
Bg2 {[%clk 00:02:57]} {[%emt 00:00:01]} Nf6 {[%clk 00:03:02]} {[%emt 00:00:02]}
6. Nf3 {[%clk 00:02:44]} {[%emt 00:00:14]} O-O {[%clk 00:03:01]} {[%emt
00:00:03]} 7. e5 {[%clk 00:02:39]} {[%emt 00:00:08]} Nfd7 {[%clk 00:03:02]}
{[%emt 00:00:01]} 8. O-O {[%clk 00:02:39]} {[%emt 00:00:01]} Nc6 {[%clk
00:03:03]} 9. Re1 {[%clk 00:02:38]} {[%emt 00:00:04]} b5 {[%clk 00:03:04]}
{[%emt 00:00:02]} 10. Nbd2 {[%clk 00:02:26]} {[%emt 00:00:14]} Bb7 {[%clk
00:03:02]} {[%emt 00:00:04]} 11. c4 {[%clk 00:02:25]} {[%emt 00:00:03]} bxc4
{[%clk 00:02:50]} {[%emt 00:00:14]} 12. dxc4 {[%clk 00:02:26]} {[%emt
00:00:02]} Nb6 {[%clk 00:02:50]} {[%emt 00:00:01]} 13. b3 {[%clk 00:02:12]}
{[%emt 00:00:16]} Nb4 {[%clk 00:02:30]} {[%emt 00:00:22]} 14. Bb2 {[%clk
00:02:05]} {[%emt 00:00:08]} Nc2 {[%clk 00:02:29]} {[%emt 00:00:02]} 15. Qd1
{[%clk 00:01:48]} {[%emt 00:00:19]} Nxe1 {[%clk 00:02:28]} {[%emt 00:00:03]} 16.
Nxe1 {[%clk 00:01:46]} {[%emt 00:00:04]} Qc7 {[%clk 00:02:28]} {[%emt
00:00:02]} 17. Qh5 {[%clk 00:01:43]} {[%emt 00:00:04]} dxc4 {[%clk 00:02:26]}
{[%emt 00:00:05]} 18. bxc4 {[%clk 00:01:40]} {[%emt 00:00:05]} Bxg2 {[%clk
00:02:24]} {[%emt 00:00:04]} 19. Kxg2 {[%clk 00:01:41]} Rab8 {[%clk 00:02:25]}
{[%emt 00:00:02]} 20. h4 {[%clk 00:01:31]} {[%emt 00:00:12]} Na4 {[%clk
00:02:08]} {[%emt 00:00:21]} 21. Ba3 {[%clk 00:01:21]} {[%emt 00:00:11]} Rfd8
{[%clk 00:02:00]} {[%emt 00:00:10]} 22. Ndf3 {[%clk 00:01:08]} {[%emt
00:00:15]} Nb2 {[%clk 00:01:49]} {[%emt 00:00:12]} 23. Rc1 {[%clk 00:00:59]}
{[%emt 00:00:11]} Qc6 {[%clk 00:01:43]} {[%emt 00:00:08]} 24. Kg1 {[%clk
00:00:57]} {[%emt 00:00:04]} Nd3 {[%clk 00:01:44]} {[%emt 00:00:01]} 25. Nxd3
{[%clk 00:00:55]} {[%emt 00:00:05]} Rxd3 {[%clk 00:01:44]} {[%emt 00:00:01]} 26.
Ng5 {[%clk 00:00:31]} {[%emt 00:00:26]} Bxg5 {[%clk 00:01:43]} {[%emt
00:00:02]} 27. Qxg5 {[%clk 00:00:32]} {[%emt 00:00:01]} Rxa3 {[%clk 00:01:43]}
{[%emt 00:00:03]} 28. h5 {[%emt 00:00:02]} Qe8 {[%clk 00:01:36]} {[%emt
00:00:08]} 29. h6 {[%clk 00:00:33]} {[%emt 00:00:01]} Qf8 {[%clk 00:01:37]}
{[%emt 00:00:01]} 30. Re1 {[%clk 00:00:30]} {[%emt 00:00:06]} Kh8 {[%clk
00:01:34]} {[%emt 00:00:04]} 31. Re4 {[%clk 00:00:31]} {[%emt 00:00:01]} gxh6
{[%clk 00:01:30]} {[%emt 00:00:06]} 32. Qh4 {[%clk 00:00:28]} {[%emt 00:00:05]}
Rxa2 {[%clk 00:01:21]} {[%emt 00:00:12]} 33. Rg4 {[%clk 00:00:29]} {[%emt
00:00:01]} Qg7 {[%clk 00:01:07]} {[%emt 00:00:16]} 34. Rxg7 {[%clk 00:00:27]}
{[%emt 00:00:04]} Kxg7 {[%clk 00:01:08]} 35. Qf6+ {[%clk 00:00:27]} {[%emt
00:00:02]} Kg8 {[%clk 00:01:09]} 36. Qxh6 {[%clk 00:00:22]} {[%emt 00:00:07]}
Rb1+ {[%clk 00:01:03]} {[%emt 00:00:07]} 37. Kg2 {[%emt 00:00:12]} Rbb2 {[%emt
00:00:02]} 38. Qg5+ Kf8 {[%emt 00:00:01]} 39. Qd8+ Kg7 0-1

[Event "Druzheskij Blitz (3+2) turnir ¹3 na Iristonskoj 06.10.2019g."]
[Site "VLADIKAVKAZ"]
[Date "2019.10.06"]
[Round "9.3"]
[White "Basiev, Georgiy"]
[Black "Hortiev, Alan"]
[Result "0-1"]
[TimeControl "3' + 2\""]
[WhiteElo "1424"]
[BlackElo "1638"]

1. d4 {[%clk 00:03:02]} {[%emt 00:00:01]} e6 {[%clk 00:03:02]} {[%emt
00:00:02]} 2. Nf3 {[%clk 00:03:03]} {[%emt 00:00:01]} d5 {[%clk 00:03:03]} 3.
c4 {[%clk 00:03:01]} {[%emt 00:00:05]} Nf6 {[%clk 00:03:00]} {[%emt 00:00:05]}
4. Nc3 {[%clk 00:03:02]} {[%emt 00:00:01]} c5 {[%clk 00:03:00]} 5. e3 {[%clk
00:03:02]} {[%emt 00:00:02]} cxd4 {[%clk 00:03:01]} {[%emt 00:00:02]} 6. exd4
{[%clk 00:03:02]} {[%emt 00:00:02]} dxc4 {[%clk 00:03:02]} {[%emt 00:00:01]} 7.
Bxc4 {[%clk 00:03:01]} {[%emt 00:00:03]} Nc6 {[%clk 00:02:55]} {[%emt
00:00:08]} 8. O-O {[%clk 00:02:59]} {[%emt 00:00:04]} a6 {[%clk 00:02:57]} 9.
a4 {[%clk 00:02:58]} {[%emt 00:00:05]} Bb4 {[%clk 00:02:52]} {[%emt 00:00:07]}
10. Ne5 {[%clk 00:02:32]} {[%emt 00:00:27]} Bd7 {[%clk 00:02:41]} {[%emt
00:00:14]} 11. Bg5 {[%clk 00:02:21]} {[%emt 00:00:13]} h6 {[%clk 00:02:41]}
{[%emt 00:00:02]} 12. Bh4 {[%clk 00:02:22]} {[%emt 00:00:01]} g5 {[%clk
00:02:41]} {[%emt 00:00:01]} 13. Bg3 {[%clk 00:02:23]} {[%emt 00:00:01]} Rc8
{[%clk 00:02:37]} {[%emt 00:00:07]} 14. Be2 {[%clk 00:01:58]} {[%emt 00:00:27]}
O-O {[%clk 00:02:25]} {[%emt 00:00:13]} 15. h4 {[%clk 00:01:44]} {[%emt
00:00:16]} Be8 {[%clk 00:02:10]} {[%emt 00:00:18]} 16. hxg5 {[%clk 00:01:37]}
{[%emt 00:00:08]} hxg5 {[%clk 00:02:11]} 17. f4 {[%clk 00:00:48]} {[%emt
00:00:53]} Qxd4+ {[%clk 00:02:07]} {[%emt 00:00:05]} 18. Qxd4 {[%clk 00:00:48]}
{[%emt 00:00:02]} Nxd4 {[%clk 00:02:09]} 19. fxg5 {[%clk 00:00:37]} {[%emt
00:00:14]} Bxc3 {[%clk 00:02:04]} {[%emt 00:00:08]} 20. Bd3 {[%clk 00:00:16]}
{[%emt 00:00:22]} Nd5 {[%clk 00:01:52]} {[%emt 00:00:14]} 21. bxc3 {[%clk
00:00:15]} {[%emt 00:00:03]} Rxc3 {[%clk 00:01:44]} {[%emt 00:00:10]} 22. Be4
{[%clk 00:00:16]} Ne2+ {[%clk 00:01:32]} {[%emt 00:00:14]} 23. Kf2 {[%clk
00:00:09]} {[%emt 00:00:09]} Nxg3 {[%clk 00:01:25]} {[%emt 00:00:09]} 24. Bxd5
{[%clk 00:00:10]} exd5 {[%clk 00:01:24]} {[%emt 00:00:02]} 25. Rac1 {[%clk
00:00:09]} {[%emt 00:00:03]} Rxc1 {[%clk 00:01:24]} {[%emt 00:00:02]} 26. Rxc1
{[%clk 00:00:10]} {[%emt 00:00:01]} Ne4+ {[%clk 00:01:25]} 27. Ke3 {[%clk
00:00:10]} {[%emt 00:00:02]} Bc6 {[%clk 00:01:23]} {[%emt 00:00:05]} 28. Nxc6
{[%clk 00:00:07]} {[%emt 00:00:05]} bxc6 {[%clk 00:01:24]} {[%emt 00:00:02]} 29.
Rxc6 {[%clk 00:00:08]} Re8 {[%clk 00:01:25]} 30. Kf4 {[%clk 00:00:08]} {[%emt
00:00:02]} Nc3 {[%clk 00:01:22]} {[%emt 00:00:04]} 31. Rxa6 {[%clk 00:00:08]}
{[%emt 00:00:03]} Re4+ {[%clk 00:01:19]} {[%emt 00:00:05]} 32. Kf5 {[%clk
00:00:07]} {[%emt 00:00:02]} Rxa4 {[%clk 00:01:19]} {[%emt 00:00:01]} 33. Rd6
{[%clk 00:00:06]} {[%emt 00:00:03]} d4 {[%clk 00:01:11]} {[%emt 00:00:11]} 34.
Rd8+ {[%clk 00:00:05]} {[%emt 00:00:03]} Kg7 {[%clk 00:01:12]} {[%emt
00:00:01]} 35. Rd6 {[%clk 00:00:03]} {[%emt 00:00:04]} Ra5+ {[%clk 00:01:12]}
{[%emt 00:00:02]} 36. Kg4 {[%clk 00:00:04]} {[%emt 00:00:01]} Rd5 {[%clk
00:01:12]} {[%emt 00:00:03]} 37. Rc6 {[%clk 00:00:04]} {[%emt 00:00:01]} d3
{[%clk 00:01:05]} {[%emt 00:00:08]} 38. Rxc3 {[%clk 00:00:04]} {[%emt
00:00:03]} d2 {[%clk 00:01:06]} 39. Rf3 {[%clk 00:00:00]} {[%emt 00:00:03]}
d1=Q {[%clk 00:01:06]} {[%emt 00:00:04]} 0-1

[Event "Druzheskij Blitz (3+2) turnir ¹3 na Iristonskoj 06.10.2019g."]
[Site "VLADIKAVKAZ"]
[Date "2019.10.06"]
[Round "9.4"]
[White "Tsamaladze, Pavel"]
[Black "Basiev, Valeriy P."]
[Result "0-1"]
[TimeControl "3' + 2\""]
[WhiteElo "1141"]
[BlackElo "2002"]

1. e4 {[%clk 00:03:04]} {[%emt 00:03:59]} Nc6 {[%clk 00:03:02]} {[%emt
00:00:02]} 2. Nf3 {[%clk 00:03:04]} {[%emt 00:00:02]} d6 {[%clk 00:02:59]}
{[%emt 00:00:05]} 3. Nc3 {[%clk 00:03:05]} {[%emt 00:00:02]} Bg4 {[%clk
00:02:59]} {[%emt 00:00:01]} 4. Be2 {[%clk 00:03:06]} {[%emt 00:00:02]} Nf6
{[%clk 00:02:59]} {[%emt 00:00:02]} 5. h3 {[%clk 00:03:07]} {[%emt 00:00:02]}
Bh5 {[%clk 00:03:00]} 6. d3 {[%clk 00:03:08]} {[%emt 00:00:01]} h6 {[%clk
00:02:55]} {[%emt 00:00:06]} 7. O-O {[%clk 00:03:08]} {[%emt 00:00:02]} e5
{[%clk 00:02:56]} {[%emt 00:00:01]} 8. Re1 {[%clk 00:03:04]} {[%emt 00:00:06]}
Be7 {[%clk 00:02:56]} {[%emt 00:00:02]} 9. Be3 {[%clk 00:03:05]} {[%emt
00:00:01]} O-O {[%clk 00:02:54]} {[%emt 00:00:04]} 10. a3 {[%clk 00:03:05]}
{[%emt 00:00:03]} d5 {[%clk 00:02:49]} {[%emt 00:00:07]} 11. exd5 {[%clk
00:02:56]} {[%emt 00:00:10]} Nxd5 {[%clk 00:02:50]} {[%emt 00:00:01]} 12. Nxd5
{[%clk 00:02:51]} {[%emt 00:00:08]} Qxd5 {[%clk 00:02:50]} {[%emt 00:00:01]} 13.
Nd2 {[%clk 00:02:35]} {[%emt 00:00:17]} Bg6 {[%clk 00:02:42]} {[%emt 00:00:11]}
14. Bf3 {[%clk 00:02:34]} {[%emt 00:00:03]} Qd7 {[%clk 00:02:34]} {[%emt
00:00:10]} 15. Nc4 {[%clk 00:02:21]} {[%emt 00:00:15]} f6 {[%clk 00:02:35]}
{[%emt 00:00:02]} 16. Nd2 {[%clk 00:02:17]} {[%emt 00:00:06]} Rad8 {[%clk
00:02:33]} {[%emt 00:00:04]} 17. Rb1 {[%clk 00:02:07]} {[%emt 00:00:12]} Rfe8
{[%clk 00:02:27]} {[%emt 00:00:08]} 18. b4 {[%clk 00:02:02]} {[%emt 00:00:07]}
a6 {[%clk 00:02:26]} {[%emt 00:00:03]} 19. Be2 {[%clk 00:01:54]} {[%emt
00:00:10]} Bf8 {[%clk 00:02:24]} {[%emt 00:00:04]} 20. Nb3 {[%clk 00:01:46]}
{[%emt 00:00:10]} b6 {[%clk 00:02:18]} {[%emt 00:00:09]} 21. Bf3 {[%clk
00:01:34]} {[%emt 00:00:13]} Na7 {[%clk 00:02:14]} {[%emt 00:00:06]} 22. Qd2
{[%clk 00:01:20]} {[%emt 00:00:17]} Nb5 {[%clk 00:02:08]} {[%emt 00:00:08]} 23.
a4 {[%clk 00:01:12]} {[%emt 00:00:09]} Nd6 {[%clk 00:01:56]} {[%emt 00:00:14]}
24. Nc1 {[%clk 00:01:01]} {[%emt 00:00:13]} Qxa4 {[%emt 00:00:06]} 25. Bd5+
{[%clk 00:00:55]} {[%emt 00:00:07]} Kh8 {[%clk 00:01:51]} {[%emt 00:00:03]} 26.
Bb3 {[%clk 00:00:54]} {[%emt 00:00:02]} Qc6 {[%clk 00:01:47]} {[%emt 00:00:07]}
27. c4 {[%clk 00:00:52]} {[%emt 00:00:05]} Nf7 {[%clk 00:01:33]} {[%emt
00:00:15]} 28. Ra1 {[%clk 00:00:52]} {[%emt 00:00:02]} Qb7 {[%clk 00:01:29]}
{[%emt 00:00:06]} 29. Bc2 {[%clk 00:00:40]} {[%emt 00:00:14]} Nd6 {[%clk
00:01:14]} {[%emt 00:00:17]} 30. Qe2 {[%clk 00:00:35]} {[%emt 00:00:07]} Nf5
{[%clk 00:01:08]} {[%emt 00:00:08]} 31. Nb3 {[%clk 00:00:33]} {[%emt 00:00:04]}
Bxb4 {[%clk 00:01:08]} {[%emt 00:00:03]} 32. c5 {[%clk 00:00:29]} {[%emt
00:00:06]} Bxe1 {[%clk 00:01:05]} {[%emt 00:00:04]} 33. Qxe1 {[%clk 00:00:28]}
{[%emt 00:00:03]} Nh4 {[%clk 00:01:05]} {[%emt 00:00:03]} 34. f3 {[%clk
00:00:26]} {[%emt 00:00:04]} Nf5 {[%clk 00:01:02]} {[%emt 00:00:05]} 35. Bf2
{[%clk 00:00:26]} {[%emt 00:00:01]} Nd4 {[%clk 00:01:01]} {[%emt 00:00:04]} 36.
Nxd4 {[%clk 00:00:25]} {[%emt 00:00:03]} exd4 {[%clk 00:01:02]} 37. Qd1 {[%clk
00:00:25]} {[%emt 00:00:02]} bxc5 {[%clk 00:01:00]} {[%emt 00:00:03]} 38. Rb1
{[%clk 00:00:24]} {[%emt 00:00:03]} Qd5 {[%clk 00:00:52]} {[%emt 00:00:10]} 39.
Ba4 {[%clk 00:00:21]} {[%emt 00:00:05]} Re7 {[%clk 00:00:48]} {[%emt 00:00:06]}
40. Qc2 {[%clk 00:00:21]} {[%emt 00:00:02]} c4 {[%clk 00:00:41]} {[%emt
00:00:10]} 41. Qa2 {[%clk 00:00:03]} {[%emt 00:00:20]} Bxd3 {[%clk 00:00:32]}
{[%emt 00:00:11]} 42. Rd1 {[%clk 00:00:03]} {[%emt 00:00:03]} Re2 {[%clk
00:00:29]} {[%emt 00:00:05]} 43. Qa3 {[%clk 00:00:00]} {[%emt 00:00:03]} 0-1

[Event "Druzheskij Blitz (3+2) turnir ¹3 na Iristonskoj 06.10.2019g."]
[Site "VLADIKAVKAZ"]
[Date "2019.10.06"]
[Round "9.5"]
[White "Storozhenko, Mihail"]
[Black "Gaboev, Batraz"]
[Result "0-1"]
[TimeControl "3' + 2\""]
[WhiteElo "1061"]
[BlackElo "1987"]

1. e4 {[%clk 00:03:03]} {[%emt 00:02:15]} c5 {[%clk 00:03:03]} {[%emt
00:00:01]} 2. d4 {[%clk 00:03:03]} {[%emt 00:00:02]} cxd4 {[%clk 00:03:03]}
{[%emt 00:00:02]} 3. Nf3 {[%clk 00:03:04]} Nf6 {[%clk 00:03:04]} {[%emt
00:00:01]} 4. Qxd4 {[%clk 00:02:59]} {[%emt 00:00:07]} Nc6 {[%clk 00:03:05]}
{[%emt 00:00:01]} 5. Qe3 {[%clk 00:02:57]} {[%emt 00:00:05]} d6 {[%clk
00:03:03]} {[%emt 00:00:04]} 6. Bb5 {[%clk 00:02:57]} {[%emt 00:00:02]} Nd7
{[%clk 00:03:00]} {[%emt 00:00:06]} 7. Bxc6 {[%clk 00:02:48]} {[%emt 00:00:11]}
bxc6 {[%clk 00:03:01]} {[%emt 00:00:01]} 8. e5 {[%clk 00:02:47]} {[%emt
00:00:03]} dxe5 {[%clk 00:03:01]} {[%emt 00:00:02]} 9. Nxe5 {[%clk 00:02:48]}
{[%emt 00:00:01]} Qa5+ {[%clk 00:03:02]} {[%emt 00:00:01]} 10. Bd2 {[%clk
00:02:29]} {[%emt 00:00:21]} Qxe5 {[%clk 00:03:02]} {[%emt 00:00:02]} 11. Qxe5
{[%clk 00:02:30]} {[%emt 00:00:02]} Nxe5 {[%clk 00:03:02]} 12. O-O {[%clk
00:02:29]} {[%emt 00:00:03]} e6 {[%clk 00:02:57]} {[%emt 00:00:08]} 13. Re1
{[%clk 00:02:28]} {[%emt 00:00:03]} Nd7 {[%clk 00:02:54]} {[%emt 00:00:05]} 14.
Nc3 {[%clk 00:02:26]} {[%emt 00:00:04]} Bb4 {[%clk 00:02:54]} {[%emt 00:00:02]}
15. a3 {[%clk 00:02:26]} {[%emt 00:00:03]} Bxc3 {[%clk 00:02:52]} {[%emt
00:00:04]} 16. Bxc3 {[%clk 00:02:27]} O-O {[%clk 00:02:51]} {[%emt 00:00:02]}
17. Re3 {[%clk 00:02:28]} {[%emt 00:00:01]} Nb6 {[%clk 00:02:45]} {[%emt
00:00:08]} 18. Rg3 {[%clk 00:02:18]} {[%emt 00:00:12]} f6 {[%clk 00:02:45]}
{[%emt 00:00:02]} 19. Bb4 {[%clk 00:02:12]} {[%emt 00:00:08]} Re8 {[%clk
00:02:44]} {[%emt 00:00:03]} 20. Bc3 {[%clk 00:02:13]} {[%emt 00:00:02]} e5
{[%clk 00:02:44]} {[%emt 00:00:02]} 21. b3 {[%clk 00:02:04]} {[%emt 00:00:11]}
Bf5 {[%clk 00:02:39]} {[%emt 00:00:06]} 22. Rf1 {[%clk 00:01:57]} {[%emt
00:00:09]} Nd5 {[%clk 00:02:36]} {[%emt 00:00:05]} 23. Ba1 {[%clk 00:01:49]}
{[%emt 00:00:11]} Bxc2 {[%clk 00:02:36]} {[%emt 00:00:02]} 24. Rc1 {[%clk
00:01:41]} {[%emt 00:00:09]} Bxb3 {[%clk 00:02:33]} {[%emt 00:00:05]} 25. Rxc6
{[%clk 00:01:42]} {[%emt 00:00:02]} Rac8 {[%clk 00:02:34]} {[%emt 00:00:01]} 26.
Ra6 {[%clk 00:01:34]} {[%emt 00:00:10]} Rc1# {[%clk 00:02:33]} {[%emt
00:00:02]} 0-1